01118nam a2200193Ia 4500001001100000003001000011008004100021040002500062041001300087100001900100245002900119250001100148260009000159300001100249500025900260501011400519520025900633650003200892L853-37143IT-CnALBA170116s9999||||xx |||||||||||||| ||und|| aIT-CnALBAcIT-CnALBA aITALIANO aMOSCONI SERGIO 0aMIRACOLI. POESIE NUOVE.  a1a ed. a CUNEObAGA - EDITRICE IL PORTICHETTO c1981 [1° Ed.:1981 - Ed.Ling.Originale: 1981] a63 p.  aINTRODUZIONE. SENSAZIONI DI GIOIA. SORPRESA PER LE COSE BELLE E SOPRATTUTTO PER LA VITA UMANA. RESURREZIONE. IMPRONTA. VITA PASSATA. FELICITÀ SOGNO. SOLITUDINE. PECCATO. PERDONO. NEVE. BACIO. SPERANZA. ATTIMO. NATALE. AUGURI. NUVOLA. PRIMAVERA. ETC...  aSocietà San Paolo EM - Piazza San Paolo, 14 - 12051 ALBA (CN) (non commercial uses only) ® Copyright 2017 aINTRODUZIONE. SENSAZIONI DI GIOIA. SORPRESA PER LE COSE BELLE E SOPRATTUTTO PER LA VITA UMANA. RESURREZIONE. IMPRONTA. VITA PASSATA. FELICITÀ SOGNO. SOLITUDINE. PECCATO. PERDONO. NEVE. BACIO. SPERANZA. ATTIMO. NATALE. AUGURI. NUVOLA. PRIMAVERA. ETC...  aNARRATIVA ITALIANA E POESIA